00543nam a2200145Ia 4500008004100000024003600041082002200077100004400099245004000143260002500183600002100208650003800229952011300267999001700380250506s9999 xx 000 0 und d a00A-61-BCS-3 & 00A-20-BCS-3 a621.391065072 RIZ aRizwan Hussain Qureshi & Ali Akbar Khan 0aOnline Marriage Hall Booking System aKarachi:bUIT,c2000 aComputer Science aBachelor of Computer Science (BS) 001040708PR-CSaUITUbUITUd2022-07-26l0o621.391065072 RIZpBS-237r2025-05-06 11:34:02w2025-05-06yPR c27458d27458